000 00630nam a22002177a 4500
003 SISC
005 20160204133311.0
008 130823t xxu||||| |||| 00| 0 eng d
020 _a9780415142885
050 _aRC 514
_b.C44 1997
082 _aHS 616.8982
_bC346
100 _aChadwick, Peter K.
_912781
245 _aSchizophrenia :
_bthe positive perspective /
_cPeter K. Chadwick.
260 _aNew York :
_bRoutledge,
_c1997.
300 _a220 p. ;
_bill. ;
_c24 cm.
650 _aSchizophrenia
_912782
650 _aGifted persons
_912783
650 _aCreative ability
_xTitle
_912784
942 _2lcc
_cBK
999 _c9197
_d9197